000 00672nam a2200253Ia 4500
003 OSt
005 20221005031918.0
006 a|||||r|||| 00| 0
007 ta
008 221004b |||||||| |||| 00| 0 eng d
020 _a8190134523
024 _a79345
037 _cTextual
040 _aCRL
_cCRL
_beng
041 _2eng
_aeng
082 _aR5x, P2
100 _aAmaladass Anand
_927043
245 0 _aThinking aesthetically
_b 10 years of Sahrdaya
260 _aChennai
_bSatya Nilayam Publications India
_c2002
300 _a163p.
_ccm.
650 _aPHILOSOPHY
942 _hR5x, P2
_cTEXL
_2cc
999 _c938699
_d938699